Sermon que en la festividad del glorioso Martyr mexicano San Felipe de Jesus, celebrada en la Santa Iglesia Catedral de esta Corte de México el dia 5 de febrero de 1782. Predicó el M.R.P. Fr. Joseph Francisco Valdes, Lector Emérito, Calificador del Santo Oficio, y custodio de la Santa Provincia de San Diego de México. Dedicalo la M. noble, leal, insigne, e imperial ciudad de Mexico, al Serenisimo Principe de Asturias

Detalles Bibliográficos
Autor principal: Valdés, José Francisco
Formato: Libro
Lenguaje:Undetermined
Spanish
Publicado: en Mexico : en la imprenta de D. Felipe de Zúñiga y Ontiveros, 1782.
Materias:
Colección:Banco de datos
Acervo:Biblioteca Palafoxiana. Colección bibliográfica
Descripción Física:[18], 16 p. ; 4°
Tema general:Homilética
Notas:Número de localización: 15640-Q
LEADER 00976nam a2200181Ia 4500
008 150723s9999 xx 000 0 und d
041 0 |a spa 
050 0 |a PAFX BV4207 C3 
100 1 |a Valdés, José Francisco 
245 1 0 |a Sermon que en la festividad del glorioso Martyr mexicano San Felipe de Jesus, celebrada en la Santa Iglesia Catedral de esta Corte de México el dia 5 de febrero de 1782. Predicó el M.R.P. Fr. Joseph Francisco Valdes, Lector Emérito, Calificador del Santo Oficio, y custodio de la Santa Provincia de San Diego de México. Dedicalo la M. noble, leal, insigne, e imperial ciudad de Mexico, al Serenisimo Principe de Asturias 
260 |a en Mexico : en la imprenta de D. Felipe de Zúñiga y Ontiveros, 1782. 
300 |a [18], 16 p. ; 4° 
500 |a Número de localización: 15640-Q 
501 |a Encuadernado con 19 obras 
650 1 0 |a Homilética 
942 |c PALALIB 
943 |g Biblioteca Palafoxiana. Colección bibliográfica 
999 |c 1054579  |d 1054579